Suomen myydyimmät automallit TOP15 2023 (kuvista) - Statistics

Yleistilastot
  • Tätä visaa on pelattu 129 kertaa
  • Keskiarvotulos 8 / 15
Vastaustilastot
Kuvavisa Vastaus % Oikein
Skoda Octavia
90%
Toyota Yaris
85%
Toyota Corolla
83%
Volvo XC60
71%
Tesla Model Y
69%
Volvo XC40
62%
Nissan Qashqai
57%
Toyota RAV4
54%
Volkswagen ID.4
46%
BMW I4
45%
Skoda Enyaq
42%
Kia Ceed
41%
Toyota C-HR
33%
Toyota Yaris Cross
33%
Peugeot 2008
28%
Ehtoja vastaavia visoja ei löytynyt
Tulosjakauma
Jokaisen tuloksen saaneiden osuus
Persentiili vastausten määrän mukaan
Tuloshistoriasi
Et ole pelannut tätä visaa